Human Response Organizations (Record no. 3975)

MARC details
000 -LEADER
fixed length control field 00375nam a22001577a 4500
005 - DATE AND TIME OF LATEST TRANSACTION
control field 20180809123406.0
008 - FIXED-LENGTH DATA ELEMENTS--GENERAL INFORMATION
fixed length control field 160625b xxu||||| |||| 00| 0 eng d
041 ## - LANGUAGE CODE
Language code of text/sound track or separate title eng
082 ## - DEWEY DECIMAL CLASSIFICATION NUMBER
Item number 10040
Classification number 658.3
100 ## - MAIN ENTRY--AUTHOR NAME
Personal name Chakraborty, S.K.
245 ## - TITLE STATEMENT
Title Human Response Organizations
260 ## - PUBLICATION, DISTRIBUTION, ETC. (IMPRINT)
Name of publisher Vivekanand Nidhi
300 ## - PHYSICAL DESCRIPTION
Number of Pages 221p,
650 ## - SUBJECT ADDED ENTRY--TOPICAL TERM
Topical Term Management
942 ## - ADDED ENTRY ELEMENTS (KOHA)
Koha item type Books
Holdings
Lost status Damaged status Collection code Home library Current library Shelving location Date acquired Full call number Accession Number Koha item type
    MANAGEMENT JRU Library JRU Library SHELF-71-E 25/06/2016 658.3 10040 Books